000 01514nac a22002651u 4500
008 100913t xxu||||| |||| 00| 0 eng d
010 _a 78015388
020 _a0871700069
082 0 0 _a624.171
_bPRE
100 _a20080729
_918895
245 0 0 _aPrevention of Structural Failures :
_bThe Role of NDT, Fracture Mechanics, and Failure Analysis : Proceedings of Two Annual Forums, 19-22 June 1977, and 14-16 June 1976, Tarpon Springs, Florida /
_cco-sponsored by Materials Testing and Quality Control Division, American Society for Metals, and Technical Council, American Society for Nondestructive Testing.
260 _aMetals Park, Ohio :
_bAmerican Society for Metals,1978
_cc1978.
300 _axii, 346 p. :
_bill. ;
_c24 cm.
490 _918894
_aMaterials/metalworking technology series
504 _aIncludes bibliographical references.
511 _acatalogued by: wessam
650 0 _aStructural stability
_vCongresses.
_918896
650 0 _aNondestructive testing
_vCongresses.
_918897
650 0 _aFracture mechanics
_vCongresses.
_918898
650 0 _aStructural failures
_vCongresses.
_918899
710 2 _aAmerican Society for Metals.
_bMaterials Testing and Quality Control Division.
_918900
710 2 _aAmerican Society for Nondestructive Testing.
_bTechnical Council.
_918901
942 _cBB
_k624.171PRE
_2ddc
999 _c6497
_d6497